000 00457nam a2200169 i 4500
001 87912
003 ES-MaACL
005 20230906175750.0
007 t|
008 041228s1922 fr ||||1| fre d
100 1 _aLacretelle, Jacques de.
_969403
245 1 0 _aSilbermann /
_cJacques de Lacretelle.
250 _a85ème. ed.
260 _a[S.l. :
_bs.n.,
_c1922] (
_eAbreville :
_fF. Paillart)
300 _a190 p. ;
_c19 cm.
852 _aES-MaACL
_jF-4733
999 _c87912
_d87912